| 000 -LEADER |
| fixed length control field |
00904nam a22001577a 4500 |
| 003 - CONTROL NUMBER IDENTIFIER |
| control field |
LRUA |
| 005 - DATE AND TIME OF LATEST TRANSACTION |
| control field |
20240808150437.0 |
| 008 - FIXED-LENGTH DATA ELEMENTS--GENERAL INFORMATION |
| fixed length control field |
240808b xxu||||| |||| 00| 0 eng d |
| 040 ## - CATALOGING SOURCE |
| Transcribing agency |
rua |
| 082 ## - DEWEY DECIMAL CLASSIFICATION NUMBER |
| Edition number |
AGR PUT 2020 B1-490 Or. |
| 100 ## - MAIN ENTRY--PERSONAL NAME |
| 9 (RLIN) |
17197 |
| Personal name |
PUTH SILOTH ពុត ស៊ីឡូត |
| 245 ## - TITLE STATEMENT |
| Title |
NITROGEN AND IRRIGATION APPLICATION ON TOMATO (Solanum lycopersicum var. Neang Tom) PRODUCTION UNDER HIGH TUNNEL CONDITION IN SANDY LOAM ការគ្រប់គ្រង់អាសូត និងការស្រោចស្រពលើផលិតកម្មដំណាំំប៉េងបោះពូជនាងតំ (Solamum lycopersicum var. Neang Tom) ក្នុងលក្ខខណ្ធផ្ទះសំណាញ់ក្នុងវាយនភាពដីល្បាយខ្សាច់ |
| 260 ## - PUBLICATION, DISTRIBUTION, ETC. (IMPRINT) |
| Place of publication, distribution, etc. |
phnom penh |
| Name of publisher, distributor, etc. |
rua |
| Date of publication, distribution, etc. |
2020 |
| 300 ## - PHYSICAL DESCRIPTION |
| Extent |
VII. |
| Other physical details |
V. |
| Dimensions |
29CM |
| 942 ## - ADDED ENTRY ELEMENTS (KOHA) |
| Source of classification or shelving scheme |
|
| Koha item type |
AGR |